Christ the Savior of the world. (Record no. 12251)

000 -LEADER
fixed length control field 00668nam a2200205 a 4500
001 - CONTROL NUMBER
control field :::00010053$&:&@@
003 - CONTROL NUMBER IDENTIFIER
control field OkBaRHE
005 - DATE AND TIME OF LATEST TRANSACTION
control field 20000607103355.0
008 - FIXED-LENGTH DATA ELEMENTS--GENERAL INFORMATION
fixed length control field s1975 j 000 0 eng u
040 ## - CATALOGING SOURCE
Transcribing agency
100 1# - MAIN ENTRY--PERSONAL NAME
Personal name Criswell, W. A. (Wallie A.), 1909-
245 10 - TITLE STATEMENT
Title Christ the Savior of the world.
Statement of responsibility, etc Foreword by James T. Draper, Jr.
260 ## - PUBLICATION, DISTRIBUTION, ETC. (IMPRINT)
Place of publication, distribution, etc Dallas, TX., :
Name of publisher, distributor, etc Crescendo Book Publications
Date of publication, distribution, etc c1975
300 ## - PHYSICAL DESCRIPTION
Extent 95 p. ;
Dimensions 20 cm.
650 ## - SUBJECT ADDED ENTRY--TOPICAL TERM
Topical term or geographic name as entry element Baptists
General subdivision Sermons
650 ## - SUBJECT ADDED ENTRY--TOPICAL TERM
Topical term or geographic name as entry element Holy Week Sermons
650 ## - SUBJECT ADDED ENTRY--TOPICAL TERM
Topical term or geographic name as entry element Sermons, American
942 ## - ADDED ENTRY ELEMENTS (KOHA)
Source of classification or shelving scheme
Koha item type Books
Copies
Full call number Not for loan Withdrawn status Shelving location Date acquired Barcode Lost status Damaged status Date last seen Price effective from Copy number Koha item type Permanent Location Source of classification or shelving scheme
BV 4298 .C74  General Stacks2010-04-1410053  2010-04-142010-04-141BooksRHEMA Bible Training College